| 000 | 00559nam a2200181 i 4500 | ||
|---|---|---|---|
| 001 | 32946 | ||
| 003 | ES-MaACL | ||
| 005 | 20250819002055.0 | ||
| 007 | t| | ||
| 008 | 030131s1967 sp ||||1| spa d | ||
| 130 | 0 |
_aBiblia. _lEspañol _9119282 |
|
| 245 | 1 | 0 |
_aBiblia de Jerusalén / _c[edición española dirigida por José Angel Ubieta]. |
| 260 |
_a[Bilbao] : _bDesclée de Brouwer, _c[1967] |
||
| 300 |
_aXIX, 1693 p. : _b4 map. ; _c22 cm. |
||
| 700 | 1 |
_aUbieta, José Angel. _9111841 |
|
| 852 |
_aES-MaACL _jC-32395 _bR.62836 |
||
| 999 |
_c32946 _d32946 |
||